| 000 | 00444nam a22001337a 4500 | ||
|---|---|---|---|
| 082 | _aT-87 | ||
| 100 |
_aMuhammad Zafar Aman _948440 |
||
| 245 |
_aA comparatice study between the bearing capacity from the plate load test and the bearing capacity equations for fine oils _cMuhammad Zafar Aman |
||
| 260 |
_aRisalpur _bMCE _c2001 |
||
| 526 |
_a0 _b0 _c0 _dT_87 |
||
| 650 |
_aThesis _934811 |
||
| 700 |
_aMuhammad Zafar Aman _948440 |
||
| 942 |
_2ddc _cBK |
||
| 999 |
_c551388 _d551388 |
||